000 01580cam a22003615i 4500
999 _c27794
_d27765
001 1652110
003 EG-ScBUE
005 20191204144445.0
008 970326t19971997enk f b 001 0 eng d
020 _a0312175892 (pbk. : alk. paper)
020 _a9780312175894 (pbk. : alk. paper)
040 _aDLC
_beng
_erda
_cDLC
_dDLC
_dEG-ScBUE
082 0 4 _a801.950904
_bTWE
_222
245 0 0 _aTwentieth-century literary theory :
_ba reader /
_cedited by K. M. Newton.
250 _aSecond edition.
264 1 _aBasingstoke, Hampshire ;
_aNew York :
_bPalgrave Macmillan,
_c[1997]
264 4 _cc1997
300 _axix, 306 pages ;
_c23 cm
336 _atext
_btxt
_2rdacontent
337 _aunmediated
_bn
_2rdamedia
338 _avolume
_bnc
_2rdacarrier
504 _aIncludes bibliographical references and index.
520 _aA thoroughly revised edition of this successful undergraduate introduction to literary theory, this text includes core pieces by leading theorists from Russian Formalists to Postmodernist and Post-colonial critics. An ideal teaching resource, with helpful introductory notes to each chapter.
650 7 _aCriticism
_xHistory
_y20th century.
_2BUEsh
650 7 _aLiterary theory.
_2BUEsh
650 7 _aLiterature
_xPhilosophy
_2BUEsh
_924262
653 _bHHUUEENN
_cNovember2019
655 _vReading book
700 1 _aNewton, K. M.,
_eeditor.
856 4 2 _3Publisher description
_uhttp://www.loc.gov/catdir/description/hol055/97010704.html
856 4 1 _3Table of contents
_uhttp://www.loc.gov/catdir/toc/hol052/97010704.html
942 _2ddc
_cBB